<?xml version="1.0" encoding="UTF-8"?><OAI-PMH xmlns="http://www.openarchives.org/OAI/2.0/" xmlns:xsi="http://www.w3.org/2001/XMLSchema-instance"     xsi:schemaLocation="http://www.openarchives.org/OAI/2.0/ http://www.openarchives.org/OAI/2.0/OAI-PMH.xsd"><responseDate>2026-05-16T17:42:40Z</responseDate><request verb="GetRecord" identifier="oai:regmurcia.com:fintegr.5560" metadataPrefix="marc21">http://oai.regmurcia.com/oai2/oai2.php</request><GetRecord><record><header><identifier>oai:regmurcia.com:fintegr.5560</identifier><datestamp>2026-05-16</datestamp><setSpec>documentos</setSpec></header><metadata><record  xmlns="http://www.loc.gov/MARC21/slim" xmlns:xsi="http://www.w3.org/2001/XMLSchema-instance" xsi:schemaLocation="http://www.loc.gov/MARC21/slim http://www.loc.gov/standards/marcxml/schema/MARC21slim.xsd" type="Bibliographic"><leader>00000nam a2200000   4500</leader><controlfield tag="001" >005074734</controlfield><controlfield tag="003" >5560</controlfield><controlfield tag="004" >A00000000</controlfield><datafield tag="245" ind1=" " ind2=" "><subfield code="a">Real Ejecutoria dada por Carlos I sobre el pasto común contra la villa de Abanilla y a favor de la ciudad de Murcia.</subfield></datafield><datafield tag="300" ind1=" " ind2=" "><subfield code="a">53 páginas</subfield></datafield><datafield tag="351" ind1=" " ind2=" "><subfield code="a">Unidad documental compuesta</subfield><subfield code="c">Archivo de Murcia. Array</subfield><subfield code="a">Unidad documental compuesta</subfield><subfield code="c">Archivo de Murcia. Array</subfield></datafield><datafield tag="351" ind1=" " ind2=" "><subfield code="b">Nº 100</subfield></datafield><datafield tag="520" ind1=" " ind2=" "><subfield code="a">Ante Juan del Vaso, juez de términos de Moratalla, Carlos Montesinos procurador de la ciudad de Murcia presentó una carta del rey Carlos I que decía, que el rey Alfonso X dio a la ciudad un privilegio en que mandó que los términos de ella y de todo su reino fuese en cuanto al pacer, abrevar y otros usos, comunes a todas las ciudades, villas y lugares del reino, tanto de órdenes como de señoríos, el cual dicho privilegio siempre se había usado, pero ahora el alcaide y arrendador, concejo y vecinos de la villa de Abanilla, de la orden de Calatrava, querían quebrantar dicho privilegio y mancomunidad, prendando los ganados de la ciudad de Murcia que entran a pacer en sus términos, entrando por virtud de la dicha mancomunidad.
Incluye el traslado del privilegio concedido por el rey Alfonso X, 18-05-1267 (Era hispánica 1305), sobre la mancomunidad de pastos.</subfield></datafield><datafield tag="535" ind1=" " ind2=" "><subfield code="a">Archivo Municipal de Murcia</subfield></datafield><datafield tag="583" ind1=" " ind2=" "><subfield code="u">http://www.regmurcia.com/servlet/s.Sl?METHOD=VERDOCUMENTO&amp;sit=serv,Carmesi&amp;n=/01/320/indice.djvu</subfield></datafield><datafield tag="592" ind1=" " ind2=" "><subfield code="b">1544-04-30 Granada</subfield></datafield><datafield tag="592" ind1=" " ind2=" "><subfield code="c">1545-04-11 Murcia</subfield></datafield><datafield tag="592" ind1=" " ind2=" "><subfield code="d">1544-12-31 00:00:00</subfield></datafield><datafield tag="786" ind1=" " ind2=" "><subfield code="o">http://www.regmurcia.com/servlet/s.Sl?METHOD=VERDOCUMENTO&amp;sit=serv,Carmesi&amp;n=/01/320/indice.djvu</subfield></datafield><datafield tag="856" ind1=" " ind2=" "><subfield code="u">http://www.regmurcia.com/servlet/s.Sl?METHOD=DETALLE&amp;sit=c,373,m,139,serv,Carmesi&amp;id=5560</subfield></datafield></record></metadata></record></GetRecord></OAI-PMH>
